[Event "Stay Safe Play From Home 130"]
[Site "T#645803Emanuel Laske"]
[Date "2020.05.07"]
[Round "6"]
[White "Kubas"]
[Black "Lamborghini"]
[Result "1-0"]
[WhiteElo "2410"]
[BlackElo "2314"]
[Annotator "TA"]
[PlyCount "113"]
[EventDate "2020.05.07"]
[EventType "swiss (blitz)"]

{[%evp 18,112,40,43,91,74,99,77,102,64,64,57,56,56,83,83,77,77,83,83,83,84,83,72,79,79,100,25,25,-92,-89,-126,-115,-100,0,0,0,-40,0,0,0,0,-12,-9,0,-64,-70,-71,-75,-28,-16,-129,-137,-147,0,0,0,0,55,0,0,-235,-220,-306,-138,-281,-281,-249,5,-365,-378,-29989,-662,-1738,-1178,-2514,-2292,-2247,-2030,-2308,-2112,-6020,1212,1211,1071,982,12838,12839,12838,12839,12841,12839,12841,-12843,29998,29999,29999]} 1. d4 g6 2. c4 Bg7 3. Nc3 d6 4. e4 Nf6 5. Nf3 O-O 6. h3 c5 7. d5 e6 8. Bd3 exd5 9. exd5 Re8+ 10. Be3 Rxe3+ {outshines the older 10...Bh6. E90: King's Indian: Classical: Early deviations and 6 h3.} 11. fxe3 Qe7 12. O-O Nfd7 {[#] White is better.} 13. e4 $146 ({Predecessor:} 13. Qe2 Ne5 14. Nxe5 Bxe5 15. Rf3 Bxc3 16. bxc3 Nd7 17. Raf1 Ne5 18. Rf6 Bf5 19. R6xf5 gxf5 20. Bxf5 {½-½ (60) Lputian,S (2616)-Petrosian,T (2606) Yerevan 2008}) 13... Ne5 14. Nxe5 Bxe5 15. Qd2 Bd7 16. Ne2 {[%cal Bc3e2,Be2g1,Bg1f3][%mdl 32]} Be8 17. Kh1 a6 18. Ng1 Nd7 19. Nf3 Bg7 20. Rae1 Ne5 21. Nxe5 Bxe5 22. Bc2 (22. b3 $16) 22... Bxb2 $11 23. Qd1 (23. Rb1 $11 Be5 24. a4) 23... Be5 24. Ba4 b5 $1 {[%cal Rb5a4]} 25. Bb3 bxc4 (25... Qh4 $17 26. Qf3 f6) 26. Bxc4 Rb8 27. Qe2 a5 28. Rb1 Rb4 29. a3 Rxb1 30. Rxb1 Kg7 31. Bb5 (31. Rf1 $11) 31... Bxb5 $15 32. Qxb5 {[%mdl 4096] Endgame KQR-KQB} Qg5 33. Qd3 Qf4 {[%csl Ge5][%cal Rf4h2]} 34. Kg1 (34. g3 $1 $11 {remains equal.} Qf2 35. Rf1) 34... Qh2+ $1 $17 {[%mdl 1024] Black has strong compensation.} 35. Kf2 Qf4+ ({Better is} 35... Bd4+ $17 36. Kf3 Be5) 36. Ke2 $11 Qg5 $36 {[%mdl 2048] Black is more active.} 37. Qf3 a4 ({Black should try} 37... c4 $11 38. Kd1 c3) 38. Rf1 (38. Kd3 $1 $14) 38... Qe7 $1 39. Kd3 $2 (39. Rb1 $11) 39... Qb7 $19 40. Ke2 f6 ({Don't do} 40... Qb2+ 41. Kd1 $19) (40... c4 $19 {aiming for ...Qb2+.} 41. h4 h5) 41. Qd3 (41. Rc1 $17) 41... Qb2+ 42. Kf3 Qb3 $2 (42... Bd4 $19 {Strongly threatening ...c4!} 43. Kg3 c4 44. Qxc4 Be5+ 45. Kf3 Qxa3+ 46. Kf2 Qb2+ 47. Kf3 a3) 43. Rd1 $2 {[%mdl 8192]} (43. Qxb3 $11 {and White stays safe.} axb3 44. a4) 43... c4 44. Qe3 $2 (44. Qxb3 $19 axb3 45. Rb1) 44... c3 (44... Qxd1+ $142 45. Qe2 Qb3+ 46. Qe3 Bd4 47. Qxb3 axb3 48. g4 b2 49. g5 b1=Q 50. gxf6+ Kh6 51. h4 Qf1+ 52. Kg4 Be5 53. h5 gxh5+ 54. Kh4 Qh1#) 45. Rd3 {intending Qa7+.} Qxa3 46. Qa7+ Kh6 47. Qe3+ g5 48. Kg4 Qb2 49. Qf3 {[#]} Qd2 $4 {[%mdl 8192]} (49... f5+ $1 $19 {[%mdl 512]} 50. Kxf5 (50. exf5 Qb4+) 50... c2) 50. Rxd2 $18 cxd2 51. Qd1 Bf4 52. Kf5 a3 53. h4 a2 54. hxg5+ fxg5 {[#]} 55. Kf6 $4 {[%mdl 8192] [#]} (55. g3 $1 $18 a1=Q (55... Bxg3 56. Qxd2) 56. Qxa1) 55... g4 $4 {[%mdl 8192]} (55... a1=Q+ $1 $19 {[%mdl 512]} 56. Qxa1 Be5+ 57. Qxe5 dxe5) 56. Qh1+ Bh2 57. Qxh2# {Never resign too early! Accuracy: White = 41%, Black = 55%.} 1-0

[Event "Stay Safe Play From Home 130"]
[Site "T#645803Emanuel Laske"]
[Date "2020.05.07"]
[Round "6"]
[White "rohit2007"]
[Black "Onlyforchess"]
[Result "1/2-1/2"]
[WhiteElo "2217"]
[BlackElo "2544"]
[Annotator "TA"]
[PlyCount "118"]
[EventDate "2020.05.07"]
[EventType "swiss (blitz)"]

{[%evp 20,117,53,47,43,22,17,27,15,-195,-187,-178,-174,-180,-179,-183,-171,-197,-213,-193,-148,-265,-252,-308,-312,-321,-304,-358,-245,-235,0,-53,549,-314,-131,-104,-119,-103,-73,-156,-149,-548,-540,-679,-700,-672,-465,-432,-428,-423,-279,-273,-161,-169,-156,-137,-89,-99,-33,-1232,-1248,-1226,-1227,-1094,-1006,-29981,-29982,-29984,-29985,-29983,-29982,-29983,-29983,-29984,-29985,-29991,-12849,-12850,-12850,-12850,-27999,-12851,-27999,-12851,-27999,-12851,-27999,-12851,-27999,-12851,-27999,-12851,-27999,-29995,-27999,-29995,-27999,-29996,-27999,-29998]} 1. e4 c5 2. Nf3 Nc6 3. d4 cxd4 4. Nxd4 e5 5. Nb5 d6 6. N1c3 a6 7. Na3 b5 8. Nd5 Nge7 9. c4 Nd4 10. cxb5 Nxd5 11. exd5 Bd7 {[%cal Ra6b5] B32: Sicilian: Löwenthal and Kalashnikov Variations.} 12. bxa6 Qa5+ {[%mdl 64] Double Attack} 13. Bd2 Qxd5 {[#] And now ...Qe4+ would win.White has an edge.} 14. Bc3 $146 (14. Nc4 $11 {and White stays safe.}) ({Predecessor:} 14. Be3 Be7 15. Bxd4 exd4 16. Be2 Bc6 17. Bf3 Qa5+ 18. Qd2 Qe5+ 19. Kd1 Bxf3+ 20. gxf3 {1-0 (78) Idani,P (2581)-Gaponenko,I (2446) Abu Dhabi 2019}) 14... Qe4+ $19 15. Be2 {Threatens to win with Bxd4.} Qxg2 (15... Qxe2+ 16. Qxe2 Nxe2 17. Kxe2 $15) 16. Rf1 Nxe2 17. Qxe2 Be7 (17... Qxh2 18. Nc4 $11) 18. O-O-O O-O $1 ({But not} 18... Qxh2 19. Nb5 $15) 19. Rg1 Qh3 20. Rd3 (20. Nc2 $17 {was worth a try.}) 20... Qh6+ ({Much less strong is} 20... Qxh2 21. Rdg3 $19) 21. Bd2 Qxh2 22. Rdg3 g6 23. Qf3 Be6 24. Rh1 Rac8+ $2 (24... e4 $1 $19 25. Rxh2 exf3) 25. Kb1 {[#]} (25. Nc2 $11 e4 26. Qd1 Rxc2+ 27. Kxc2 Qxf2 28. Qh5 $1 {[%mdl 512]} Rc8+ 29. Kb1) 25... e4 $2 {[%mdl 8192] [#]} (25... Bf5+ $1 $15 {[%mdl 512]} 26. Ka1 (26. Qxf5 Qxh1+) 26... e4 27. Rxh2 exf3 28. Rxf3 Rfe8 29. Rxf5 gxf5 30. Rg2+ Kh8 31. Bc3+ Rxc3 $1 {[%mdl 512]} 32. bxc3 Ra8) 26. Qxe4 $4 {[%mdl 8192]} (26. Qd1 $1 $18 {is the narrow road to win.} Bg4 27. Qe1 (27. Rxh2 Bxd1 28. a7 d5 $17) 27... Qxg3 28. fxg3) 26... Bf5 (26... Qxf2 $19 {and Black stays clearly on top.} 27. Qg2 Qxg2 28. Rxg2 Ra8) 27. Rxh2 $17 {Strongly threatening Qxf5.} Bxe4+ 28. Ka1 d5 29. f3 (29. a7 $142) 29... Bf5 30. Bc3 $2 {[%mdl 8192]} (30. Nb5 $17 {is a better chance.}) 30... Bd6 31. f4 Bxf4 32. Rhg2 Bxg3 33. Rxg3 Rfe8 34. b4 d4 35. Bxd4 Re1+ (35... h5 $142 36. Rg1 Rcd8) 36. Kb2 $19 Re2+ 37. Kb3 Be6+ 38. Ka4 Rxa2 ({Better is} 38... f5 $17 {aiming for ...f4.} 39. Re3 Rd2 40. Rxe6 Rxd4) 39. b5 $2 {[%mdl 8192] Black keeps a firm grip on the game.} (39. Re3 $15) 39... Rc4+ $1 {[%mdl 64] Double Attack} 40. Ka5 Rxd4 41. Kb6 Ra4 42. a7 R2xa3 43. Rg2 Rxa7 44. Rd2 Bf5 45. Rd8+ Kg7 46. Rd6 Be4 47. Rc6 R3a6+ (47... Bxc6 $142 48. bxc6 h5 49. c7 Ra8 50. Kb7 h4 51. c8=Q Rxc8 52. Kxc8 h3 53. Kc7 h2 54. Kd6 h1=Q 55. Kc5 Qb7 56. Kc4 Qb6 57. Kd5 Ra4 58. Ke5 Qe6#) 48. bxa6 {[#]} Rxa6+ $1 49. Kxa6 Bxc6 50. Kb6 Bf3 51. Ka7 h5 52. Kb8 h4 53. Kc7 h3 {( -> ...h2)} 54. Kd6 h2 55. Ke5 h1=Q 56. Kd4 {Black mates.} Qh2 57. Kc5 Qf4 58. Kb6 Qe5 59. Ka7 Qd6 {Accuracy: White = 33%, Black = 43%.} 1/2-1/2

[Event "Stay Safe Play From Home 130"]
[Site "T#645803Emanuel Laske"]
[Date "2020.05.07"]
[Round "6"]
[White "Little champs"]
[Black "SoulofWolf"]
[Result "0-1"]
[WhiteElo "2177"]
[BlackElo "2179"]
[Annotator "NA"]
[PlyCount "148"]
[EventDate "2020.05.07"]
[EventType "swiss (blitz)"]

1. d4 {[%emt 0:00:02]} d5 {[%emt 0:00:00]} 2. e3 {[%emt 0:00:01]} Nf6 {[%emt 0:00:00]} 3. Nf3 {[%emt 0:00:00]} e6 {[%emt 0:00:00]} 4. Be2 {[%emt 0:00:00]} Be7 {[%emt 0:00:00]} 5. O-O {[%emt 0:00:00]} O-O {[%emt 0:00:00]} 6. c4 {[%emt 0:00:00]} Nbd7 {[%emt 0:00:00]} 7. Nc3 {[%emt 0:00:00]} b6 {[%emt 0:00:01]} 8. b3 {[%emt 0:00:00]} Bb7 {[%emt 0:00:01]} 9. Bb2 {[%emt 0:00:00]} Rc8 {[%emt 0:00:00]} 10. Rc1 {[%emt 0:00:01]} c5 {[%emt 0:00:00]} 11. dxc5 {[%emt 0:00:00]} Nxc5 {[%emt 0:00:01]} 12. Nb5 {[%emt 0:00:01]} a6 {[%emt 0:00:01]} 13. Nbd4 {[%emt 0:00:00]} Re8 {[%emt 0:00:01]} 14. cxd5 {[%emt 0:00:01]} Nxd5 {[%emt 0:00:00]} 15. b4 {[%emt 0:00:01]} Nd7 {[%emt 0:00:01]} 16. a3 {[%emt 0:00:01]} Bf6 {[%emt 0:00:01]} 17. Ba1 {[%emt 0:00:02]} Qe7 {[%emt 0:00:00]} 18. Qb3 {[%emt 0:00:01]} Ne5 {[%emt 0:00:01]} 19. Nxe5 {[%emt 0:00:01]} Bxe5 {[%emt 0:00:00]} 20. Nf3 {[%emt 0:00:00]} Bxa1 {[%emt 0:00:01]} 21. Rxa1 {[%emt 0:00:00]} Nf6 {[%emt 0:00:01]} 22. Rac1 {[%emt 0:00:01]} Bd5 {[%emt 0:00:00]} 23. Qb2 {[%emt 0:00:01]} b5 {[%emt 0:00:01]} 24. Nd4 {[%emt 0:00:01]} h6 {[%emt 0:00:01]} 25. Bf3 {[%emt 0:00:01]} Qd6 {[%emt 0:00:01]} 26. Bxd5 {[%emt 0:00:01]} Nxd5 {[%emt 0:00:00]} 27. Rfd1 {[%emt 0:00:01]} Rxc1 {[%emt 0:00:02]} 28. Qxc1 {[%emt 0:00:01]} Rd8 {[%emt 0:00:02]} 29. Nf3 {[%emt 0:00:01]} Qb8 {[%emt 0:00:09]} 30. h3 {[%emt 0:00:02]} Rc8 {[%emt 0:00:01]} 31. Qb2 {[%emt 0:00:01]} Qc7 {[%emt 0:00:01]} 32. Qd4 {[%emt 0:00:01]} Qc3 {[%emt 0:00:01]} 33. Rd3 {[%emt 0:00:02]} Qc1+ {[%emt 0:00:01]} 34. Kh2 {[%emt 0:00:01]} Qc4 {[%emt 0:00:00]} 35. h4 {[%emt 0:00:02]} Qc7+ {[%emt 0:00:01]} 36. g3 {[%emt 0:00:01]} Qc4 {[%emt 0:00:00]} 37. Kg2 {[%emt 0:00:01]} Qc7 {[%emt 0:00:01]} 38. e4 {[%emt 0:00:01]} Nf6 {[%emt 0:00:02]} 39. Ne5 {[%emt 0:00:03]} Qc2 {[%emt 0:00:03]} 40. g4 {[%emt 0:00:03]} Rf8 {[%emt 0:00:01]} 41. g5 {[%emt 0:00:01]} hxg5 {[%emt 0:00:00]} 42. hxg5 {[%emt 0:00:01]} Nh5 {[%emt 0:00:00]} 43. Rf3 {[%emt 0:00:02]} Qc1 {[%emt 0:00:01]} 44. Qe3 {[%emt 0:00:02]} Qxe3 {[%emt 0:00:01]} 45. fxe3 {[%emt 0:00:01]} g6 {[%emt 0:00:00]} 46. Ng4 {[%emt 0:00:02]} Kg7 {[%emt 0:00:01]} 47. Nf6 {[%emt 0:00:01]} Rc8 {[%emt 0:00:01]} 48. Nxh5+ {[%emt 0:00:01]} gxh5 {[%emt 0:00:02]} 49. Rh3 {[%emt 0:00:00]} Rc2+ {[%emt 0:00:01]} 50. Kf3 {[%emt 0:00:01]} Kg6 {[%emt 0:00:00]} 51. Rh1 {[%emt 0:00:01]} Rc3 {[%emt 0:00:01]} 52. Ra1 {[%emt 0:00:01]} Kxg5 {[%emt 0:00:01]} 53. a4 {[%emt 0:00:00]} bxa4 {[%emt 0:00:01]} 54. Rxa4 {[%emt 0:00:01]} Rc6 {[%emt 0:00:00]} 55. Ra5+ {[%emt 0:00:01]} f5 {[%emt 0:00:01]} 56. exf5 {[%emt 0:00:01]} exf5 {[%emt 0:00:00]} 57. e4 {[%emt 0:00:00]} Rf6 {[%emt 0:00:02]} 58. e5 {[%emt 0:00:00]} Re6 {[%emt 0:00:01]} 59. b5 {[%emt 0:00:01]} axb5 {[%emt 0:00:00]} 60. Rxb5 {[%emt 0:00:01]} h4 {[%emt 0:00:01]} 61. Rb8 {[%emt 0:00:01]} Rxe5 {[%emt 0:00:01]} 62. Rg8+ {[%emt 0:00:00]} Kf6 {[%emt 0:00:00] Little champs offers a draw} 63. Rf8+ {[%emt 0:00:01]} Ke6 {[%emt 0:00:00]} 64. Rh8 {[%emt 0:00:00]} Kd5 {[%emt 0:00:00]} 65. Rxh4 {[%emt 0:00:01]} Re6 {[%emt 0:00:01]} 66. Rh8 {[%emt 0:00:00]} Ke5 {[%emt 0:00:00]} 67. Rd8 {[%emt 0:00:00]} Kf6 {[%emt 0:00:00]} 68. Rh8 {[%emt 0:00:00]} Kg5 {[%emt 0:00:00]} 69. Rh1 {[%emt 0:00:01]} Kf6 {[%emt 0:00:00]} 70. Rg1 {[%emt 0:00:00]} Rc6 {[%emt 0:00:00]} 71. Rh1 {[%emt 0:00:00]} Rc3+ {[%emt 0:00:00]} 72. Kf4 {[%emt 0:00:00]} Rc4+ {[%emt 0:00:00]} 73. Ke3 {[%emt 0:00:00]} Rb4 {[%emt 0:00:00]} 74. Kd2 {[%emt 0:00:00]} Rb3 {[%emt 0:00:00] .} 0-1

[Event "Stay Safe Play From Home 130"]
[Site "T#645803Emanuel Laske"]
[Date "2020.05.07"]
[Round "6"]
[White "Shatarchin7"]
[Black "Indianquant"]
[Result "0-1"]
[WhiteElo "2163"]
[BlackElo "2315"]
[Annotator "TA"]
[PlyCount "64"]
[EventDate "2020.05.07"]
[EventType "swiss (blitz)"]

{[%evp 17,64,26,30,-119,-117,-111,-120,-106,-109,-165,-167,-158,-157,-150,-58,-59,-59,-71,-35,-93,-77,-326,-173,-173,-173,-168,-170,-172,-129,-179,-139,-152,-45,-50,-12,-18,-12,-2958,-2536,-2246,-2250,-1719,-1306,-5701,-5109,-5217,-5221,-1205,0]} 1. Nf3 Nf6 2. g3 b6 3. Bg2 Bb7 4. O-O g6 5. c4 Bg7 6. Nc3 c5 7. d4 cxd4 8. Nxd4 Bxg2 9. Kxg2 Qc8 {[#]} 10. Nd5 $146 {A30: Symmetrical English: Double Fianchetto and Hedgehog.} (10. b3 $11 {keeps the balance.}) ({Predecessor:} 10. b3 Qb7+ 11. f3 Nc6 12. Nc2 O-O 13. e4 a6 14. a4 d6 15. Bb2 Rfd8 16. Rb1 e6 17. Ne3 Nd7 18. Rf2 Nc5 19. Rd2 Bh6 20. Re2 Bg7 21. Rd2 Bh6 22. Re2 Bg7 23. Rd2 {½-½ (23) Banusz,T (2607)-Almasi,Z (2699) Ajka 2018}) 10... Qxc4 $17 11. Nxf6+ Bxf6 12. Be3 {Black is better.} Nc6 {[%cal Rc6d4]} 13. Rc1 {[#]} (13. b3 $17 Qd5+ 14. Nf3) 13... Qd5+ $1 $19 ({Don't do} 13... Qxa2 14. Nxc6 dxc6 15. Rxc6 $17) 14. Nf3 {[#]} Qxd1 $1 15. Rfxd1 O-O-O ({Black should try} 15... Bxb2 $17 16. Rc2 Bg7) 16. b4 $15 {b5 is the strong threat.} Kb7 17. b5 Na5 18. Bf4 (18. Bg5 $15) 18... d6 $17 19. Nd4 $2 (19. h4 $17 {was worth a try.}) 19... e5 (19... Bxd4 $142 20. Rxd4 e5 {[%mdl 64] Double Attack} 21. Rxd6 exf4) 20. Nc6 $19 exf4 21. Nxd8+ Rxd8 ({Much less strong is} 21... Bxd8 22. Rxd6 Kb8 23. gxf4 $15) 22. gxf4 d5 23. Rc2 Nc4 24. e4 Nb2 (24... Rc8 $17 {White must now prevent ...Ne3+!} 25. Kh3 Rd8) 25. Rxd5 $15 Rxd5 26. exd5 {Threatens to win with d6.} Nd3 {aiming for ...Ne1+.} 27. Kf3 $2 {[%mdl 8192]} (27. Rc6 $11 Bg7 28. d6 Nxf4+ 29. Kf1) 27... Ne1+ $19 {[%mdl 64] Double Attack. Black is clearly winning.} 28. Ke4 Nxc2 29. d6 Kc8 30. Kd5 Kd7 31. a4 Nb4+ 32. Kc4 Nc2 $2 {[%mdl 32768] Accuracy: White = 41%, Black = 41%. . Loss on time!?} (32... Na2 $19 33. Kb3 Nc3) 0-1

[Event "Stay Safe Play From Home 130"]
[Site "T#645803Emanuel Laske"]
[Date "2020.05.07"]
[Round "6"]
[White "Edmatuag"]
[Black "Haxhi Baha"]
[Result "0-1"]
[WhiteElo "1656"]
[BlackElo "2048"]
[Annotator "NA"]
[PlyCount "68"]
[EventDate "2020.05.07"]
[EventType "swiss (blitz)"]

1. e4 {[%emt 0:00:01]} e6 {[%emt 0:00:01]} 2. d3 {[%emt 0:00:02]} d5 {[%emt 0:00:00]} 3. exd5 {[%emt 0:00:00]} exd5 {[%emt 0:00:01]} 4. Nf3 {[%emt 0:00:00]} Nf6 {[%emt 0:00:00]} 5. Bg5 {[%emt 0:00:01]} Be7 {[%emt 0:00:01]} 6. c3 {[%emt 0:00:02]} c5 {[%emt 0:00:01]} 7. d4 {[%emt 0:00:01]} cxd4 {[%emt 0:00:01]} 8. cxd4 {[%emt 0:00:02]} O-O {[%emt 0:00:00]} 9. Nc3 {[%emt 0:00:01]} Nc6 {[%emt 0:00:01]} 10. Bxf6 {[%emt 0:00:01]} Bxf6 {[%emt 0:00:01]} 11. Be2 {[%emt 0:00:00]} Be6 {[%emt 0:00:01]} 12. O-O {[%emt 0:00:01]} a6 {[%emt 0:00:01]} 13. a3 {[%emt 0:00:00]} b5 {[%emt 0:00:01]} 14. Qd2 {[%emt 0:00:01]} Qb6 {[%emt 0:00:01]} 15. Rac1 {[%emt 0:00:01]} Rfd8 {[%emt 0:00:01]} 16. Rfd1 {[%emt 0:00:02]} Na5 {[%emt 0:00:01]} 17. Qc2 {[%emt 0:00:04]} g6 {[%emt 0:00:01]} 18. Bd3 {[%emt 0:00:05]} Rac8 {[%emt 0:00:01]} 19. b4 {[%emt 0:00:03]} Nc4 {[%emt 0:00:01]} 20. Bxc4 {[%emt 0:00:01]} Rxc4 {[%emt 0:00:00]} 21. Qd2 {[%emt 0:00:02]} Rdc8 {[%emt 0:00:01]} 22. Ne2 {[%emt 0:00:01]} a5 {[%emt 0:00:01]} 23. Rxc4 {[%emt 0:00:02]} Rxc4 {[%emt 0:00:02]} 24. bxa5 {[%emt 0:00:02]} Qd6 {[%emt 0:00:01]} 25. Rb1 {[%emt 0:00:03]} Bd7 {[%emt 0:00:04]} 26. Qb2 {[%emt 0:00:04]} Bf5 {[%emt 0:00:08]} 27. Rc1 {[%emt 0:00:03]} Rxc1+ {[%emt 0:00:01]} 28. Qxc1 {[%emt 0:00:00]} Bd3 {[%emt 0:00:02]} 29. Nc3 {[%emt 0:00:04]} Be7 {[%emt 0:00:01]} 30. Ne1 {[%emt 0:00:01]} Bc4 {[%emt 0:00:02]} 31. Nb1 {[%emt 0:00:02]} Qe6 {[%emt 0:00:01]} 32. Qc3 {[%emt 0:00:01]} Qe2 {[%emt 0:00:02]} 33. h3 {[%emt 0:00:03]} Qf1+ {[%emt 0:00:01]} 34. Kh2 {[%emt 0:00:00]} Qxf2 {[%emt 0:00:01] Time (Lag: Av=1.33s, max=4.3s)} 0-1

[Event "Stay Safe Play From Home 130"]
[Site "T#645803Emanuel Laske"]
[Date "2020.05.07"]
[Round "7"]
[White "Onlyforchess"]
[Black "SoulofWolf"]
[Result "1-0"]
[WhiteElo "2531"]
[BlackElo "2196"]
[Annotator "TA"]
[PlyCount "157"]
[EventDate "2020.05.07"]
[EventType "swiss (blitz)"]

{[%evp 9,157,13,57,24,44,4,0,-4,-8,-3,1,0,27,-6,47,9,5,18,20,-43,31,25,28,-84,11,-47,29,-42,27,7,287,218,279,279,266,162,514,206,931,927,1080,981,1328,1197,1534,1517,1441,1328,1203,927,900,895,884,836,29972,29973,29973,29974,29974,29975,29973,29974,29974,29975,29981,29981,29981,29982,29982,29980,29983,29983,29984,29982,29984,29985,29988,29986,29986,29987,29987,29988,29988,29989,29990,29989,29989,29990,29990,29991,29992,29993,29994,29990,29990,29988,29991,29983,29983,29981,29982,29982,29983,29983,29984,29983,29983,29984,29984,29985,29986,29986,29986,29987,29987,29987,29987,29987,29987,29988,29988,29989,29989,29988,29989,29990,29990,29989,29989,0,29990,29991,29991,29992,29994,29992,29992,29993,29994,29991,29993,29994,29994,29995,29995,29994,29995,29996,29997,5443]} 1. e4 d5 2. exd5 Qxd5 3. Nc3 Qd8 4. g3 Nf6 5. Bg2 e6 6. Nge2 {B01: Scandinavian Defence.} Be7 7. d3 {[#]} O-O $146 ({Predecessor:} 7... c5 8. Be3 Qc7 9. O-O Bd7 10. d4 Bc6 11. d5 exd5 12. Nxd5 Nxd5 13. Bxd5 Bxd5 14. Qxd5 {1-0 (26) Clarke,B (2288)-Mitra,R (2043) Newport Pagnell 2016}) 8. Rb1 {The position is equal.} Nc6 9. a3 Bd7 10. b4 a6 11. Be3 b5 (11... e5 $11) 12. h3 Rc8 13. O-O Ne5 14. a4 (14. Bd4 $11 Ng6 15. Bxf6 Bxf6 16. Ne4) 14... Ng6 (14... Bc6 $15) 15. axb5 $14 axb5 16. Ra1 (16. f4 $11 {keeps the balance.}) 16... c6 ({Black should try} 16... Bxb4 $17 17. Ra7 {[#]} Nd5 $1 {[%mdl 512]}) 17. Ra7 ({White should play} 17. Bc5 $11) 17... Nd5 (17... Bxb4 $15 18. Ne4 Nd5) 18. Bc5 (18. Nxd5 $11 exd5 19. Qd2) 18... Re8 (18... Nxb4 $15 19. Bxe7 Nxe7) 19. Ne4 Bf6 $2 {[%mdl 8192] Black is now going downhill.} (19... Nxb4 $11 {and Black stays safe.} 20. Qd2 Nd5) 20. Nd6 Ra8 21. Nxe8 Qxe8 22. c4 bxc4 $2 (22... Rxa7 23. Bxa7 Nxb4) 23. dxc4 (23. Rxa8 $142 Qxa8 24. dxc4) 23... Nde7 $2 (23... Rxa7 24. Bxa7 Nxb4) 24. Qxd7 $18 Qb8 25. Nd4 Nf8 26. Rxa8 Nxd7 27. Rxb8+ Nxb8 28. Bxe7 Bxe7 29. Nxc6 Nxc6 30. Bxc6 Bxb4 31. Rb1 Bc5 32. Rb8+ Bf8 33. Bd7 g6 34. c5 Kg7 35. c6 Bd6 36. Rb7 Kf6 37. c7 Bxc7 38. Rxc7 Ke7 39. Rb7 Kd6 40. Bb5 f6 41. Rf7 Ke5 42. Rxh7 g5 43. Rf7 Kf5 44. h4 Kg6 45. Be8 gxh4 46. gxh4 Kf5 {[#]} 47. Rf8 $1 e5 48. h5 Kg5 49. Rg8+ Kh6 50. Rg6+ Kxh5 51. Rxf6+ Kg5 52. Re6 Kf4 {[#]} 53. Rxe5 $3 Kxe5 54. Bc6 Kf4 55. Bg2 Kg5 56. f3 Kf4 57. Kf1 Kg5 58. Kf2 Kf4 59. Bf1 Kg5 60. Kg3 Kf5 61. f4 Kg6 62. Bh3 Kf6 63. Kg4 Kg6 64. f5+ Kf6 65. Bg2 Kg7 66. Bf3 Kf6 67. Kf4 Kg7 68. Be4 Kf6 69. Bf3 Kg7 $1 70. Ke5 {White mates.} Kf7 71. f6 Ke8 72. Be4 Kf7 73. Kf5 Ke8 74. Bd5 Kf8 75. Ke6 Ke8 76. f7+ Kf8 77. Bc4 Kg7 78. Ke7 Kh7 79. f8=Q {Accuracy: White = 28%, Black = 25%.} 1-0

[Event "Stay Safe Play From Home 130"]
[Site "T#645803Emanuel Laske"]
[Date "2020.05.07"]
[Round "7"]
[White "Lamborghini"]
[Black "Little champs"]
[Result "1-0"]
[WhiteElo "2302"]
[BlackElo "2160"]
[Annotator "NA RC"]
[PlyCount "127"]
[EventDate "2020.05.07"]
[EventType "swiss (blitz)"]

1. e4 {[%emt 0:00:02]} e6 {[%emt 0:00:01]} 2. d4 {[%emt 0:00:01]} d5 {[%emt 0:00:00]} 3. Nc3 {[%emt 0:00:00]} dxe4 {[%emt 0:00:00]} 4. Nxe4 {[%emt 0:00:01]} Be7 {[%emt 0:00:00]} 5. Nf3 {[%emt 0:00:01]} Nd7 {[%emt 0:00:00]} 6. Bd3 {[%emt 0:00:01]} Ngf6 {[%emt 0:00:00]} 7. Qe2 {[%emt 0:00:00]} O-O {[%emt 0:00:01]} 8. Bg5 {[%emt 0:00:01]} Nxe4 {[%emt 0:00:01]} 9. Qxe4 {[%emt 0:00:01]} g6 {[%emt 0:00:01]} 10. Bxe7 {[%emt 0:00:02]} Qxe7 {[%emt 0:00:01]} 11. O-O-O {[%emt 0:00:00]} Nf6 {[%emt 0:00:01]} 12. Qh4 {[%emt 0:00:01]} Nd5 {[%emt 0:00:01]} 13. Qxe7 {[%emt 0:00:01]} Nxe7 {[%emt 0:00:02]} 14. Ne5 {[%emt 0:00:01]} b6 {[%emt 0:00:01]} 15. Be4 {[%emt 0:00:01]} Rb8 {[%emt 0:00:01]} 16. c3 {[%emt 0:00:01]} Bb7 {[%emt 0:00:01]} 17. Bxb7 {[%emt 0:00:01]} Rxb7 {[%emt 0:00:01]} 18. Rhe1 {[%emt 0:00:01]} Rd8 {[%emt 0:00:01]} 19. f4 {[%emt 0:00:02]} f6 {[%emt 0:00:01]} 20. Ng4 {[%emt 0:00:01]} Kf7 {[%emt 0:00:00]} 21. Re2 {[%emt 0:00:01]} Rd6 {[%emt 0:00:01]} 22. Rde1 {[%emt 0:00:01]} h5 {[%emt 0:00:01]} 23. Nf2 {[%emt 0:00:01]} c5 {[%emt 0:00:01]} 24. Ne4 {[%emt 0:00:01]} Rc6 {[%emt 0:00:01]} 25. dxc5 {[%emt 0:00:01]} bxc5 {[%emt 0:00:01]} 26. Rd2 {[%emt 0:00:01]} Nf5 {[%emt 0:00:02]} 27. Red1 {[%emt 0:00:02]} Ke7 {[%emt 0:00:02]} 28. g3 {[%emt 0:00:01]} c4 {[%emt 0:00:01]} 29. Rd8 {[%emt 0:00:02]} Rcc7 {[%emt 0:00:02]} 30. Rg8 {[%emt 0:00:02]} Kf7 {[%emt 0:00:01]} 31. Rdd8 {[%emt 0:00:01]} Rd7 {[%emt 0:00:09]} 32. Rxd7+ {[%emt 0:00:03]} Rxd7 {[%emt 0:00:01]} 33. Rc8 {[%emt 0:00:01]} Ne3 {[%emt 0:00:01]} 34. b4 {[%emt 0:00:01]} Rd1+ {[%emt 0:00:02]} 35. Kb2 {[%emt 0:00:01]} Rh1 {[%emt 0:00:01]} 36. Nd6+ {[%emt 0:00:01]} Ke7 {[%emt 0:00:01]} 37. Nxc4 {[%emt 0:00:00]} Rxh2+ {[%emt 0:00:01]} 38. Kb3 {[%emt 0:00:01]} Nf1 {[%emt 0:00:02]} 39. Rc7+ {[%emt 0:00:01]} Kf8 {[%emt 0:00:01]} 40. Rxa7 {[%emt 0:00:00]} Nxg3 {[%emt 0:00:00]} 41. b5 {[%emt 0:00:00]} Rh1 {[%emt 0:00:01]} 42. b6 {[%emt 0:00:01]} Rb1+ {[%emt 0:00:00]} 43. Nb2 {[%emt 0:00:00]} Ne4 {[%emt 0:00:02]} 44. Kc2 {[%emt 0:00:01]} Rxb2+ {[%emt 0:00:03]} 45. Kxb2 {[%emt 0:00:01]} Nc5 {[%emt 0:00:01]} 46. Rc7 {[%emt 0:00:01]} Na4+ {[%emt 0:00:01]} 47. Kc2 {[%emt 0:00:01]} Nxb6 {[%emt 0:00:00]} 48. Rc6 {[%emt 0:00:00]} Nd5 {[%emt 0:00:01]} 49. Rxe6 {[%emt 0:00:00]} Kf7 {[%emt 0:00:00]} 50. Re4 {[%emt 0:00:01]} h4 {[%emt 0:00:01]} 51. Re2 {[%emt 0:00:01]} h3 {[%emt 0:00:01]} 52. Rh2 {[%emt 0:00:00]} Nxf4 {[%emt 0:00:00]} 53. a4 {[%emt 0:00:01]} g5 {[%emt 0:00:00]} 54. a5 {[%emt 0:00:00]} g4 {[%emt 0:00:00]} 55. a6 {[%emt 0:00:00]} g3 {[%emt 0:00:01]} 56. Rxh3 {[%emt 0:00:00]} Nxh3 {[%emt 0:00:01]} 57. a7 {[%emt 0:00:02]} g2 {[%emt 0:00:00]} 58. a8=Q {[%emt 0:00:00]} g1=Q {[%emt 0:00:00]} 59. Qd5+ {[%emt 0:00:00]} Kg7 {[%emt 0:00:01]} 60. Qd7+ {[%emt 0:00:01]} Kh6 {[%emt 0:00:01]} 61. Qxh3+ {[%emt 0:00:00]} Kg6 {[%emt 0:00:01]} 62. Qd3+ {[%emt 0:00:00]} f5 {[%emt 0:00:01]} 63. Qd2 {[%emt 0:00:00]} f4 {[%emt 0:00:01]} 64. Qd3+ {[%emt 0:00:01] Time (Lag: Av=0.62s, max=5.4s)} 1-0